Estatísticas para Camarões

Clique aqui para jogar o quiz

Estatísticas Gerais

  • Esse quiz foi jogado 4 vezes
  • A pontuação média é 4 de 15

Estatísticas das Respostas

HintResposta% Correto
Onde fica?África
100%
Quantos idiomas tem o país?2
75%
Qual é a sua religião?Cristianismo
75%
Quais são as cores da sua bandeira?Verde, vermelho e amarelo
75%
Com quantos países faz fronteira?6
50%
Qual é o seu código ISO?CMR
50%
Qual é a cidade mais populosa?Duala
0%
Na bandeira o que significa a cor verde?Esperança e florestas do sul
0%
Como se chama a estrela que está na bandeira?Estrela da unidade
0%
Como se chama a sua moeda?Franco CFA
0%
Quem domina a sociedade camaronesa?Homens
0%
Qual é a sua capital?Iaundé
0%
Qual é o ponto mais alto do país?Monte Camarões
0%
Qual é o prato típico do país?Ndolé
0%
Na bandeira o que significa a cor vermelha?Unidade
0%

Distribuição das Pontuações

Percentil de Números Respondidos

Porcentagem de Pessoas com Cada Pontuação

Sua Pontuação Histórica

Você não jogou esse quiz